Deutsche Städte mit U-Bahn Stationen - Statistiken

Allgemein
  • Dieses Quiz wurde 262 mal gespielt
    211 seit der letzten Aktualisierung
  • Das Durchschnittsergebnis liegt bei 16 aus 23
Antwortstatistiken
Anzahl Stadt % Korrekt
163 Berlin
100%
46 Hamburg
99%
91 München
98%
39 Köln
97%
32 Frankfurt
93%
16 Düsseldorf
91%
36 Nürnberg
91%
5 Dortmund
89%
20 Stuttgart
89%
22 Essen
81%
18 Hannover
80%
8 Duisburg
77%
15 Bochum
69%
12 Bonn
69%
1 Mannheim
65%
7 Gelsenkirchen
63%
7 Bielefeld
53%
6 Karlsruhe
51%
1 Rostock
43%
6 Fürth
33%
8 Mülheim
31%
6 Herne
29%
3 Ludwigshafen
29%
Keine übereinstimmenden Quizze gefunden
Verteilung der Resultate
Anzahl Personen mit jedem Resultat
Perzentil nach korrekt beantworteten Fragen
Ihre Resultats-Entwicklung
Sie haben dieses Quiz seit der letzten Aktualisierung nicht gespielt